| 000 | 00759nam a22002417a 4500 | ||
|---|---|---|---|
| 003 | OSt | ||
| 005 | 20251007022758.0 | ||
| 008 | 251007b |||||||| |||| 00| 0 eng d | ||
| 020 | _a978-0-13-186902-8. | ||
| 040 |
_aDWCL-Admin lib _cOC |
||
| 082 | _aCirc. 610.73071 F751s 2007 | ||
| 100 | _aFoss, Mark | ||
| 245 |
_aScience in nursing and health care _cMark Foss |
||
| 260 |
_aHarlow, England : _bPearson Education Limited, _cc2007 |
||
| 300 |
_axv, 485 p. : ill. ; _c24 cm. |
||
| 504 | _aIncludes index. | ||
| 650 | _a1. Allied health personnel-Vocational guidance-Study and teaching. | ||
| 650 | _a2. Medical science | ||
| 650 | _a3. Nursing-Study and teaching. | ||
| 650 | _a4. Science | ||
| 700 | _aFarine, Tony | ||
| 942 |
_2ddc _cBK-CIRC _kCirc. _n0 |
||
| 999 |
_c4671 _d4671 |
||